000 00981nam a2200229 a 4500
001 54467
003 BD-RjUL
005 20211209080127.0
008 161107s1961 ii ||||| |||| 001 f ben d
035 _a(BD-RjUL)54589
040 _aBD-RjUL
_bben
_cBD-RjUL
041 _aben
082 _223
_a891.44309
_bBAB 1961
100 _aবন্দ্যোপাধ্যায়, সারাজ
_9162513
245 1 0 _aবাংলা উপন্যাসের কালান্তর /
_cসারাজ বন্দ্যোপাধ্যায়
260 _aকলিকাতা :
_bনতুন সাহিত্য ভবন,
_c১৯৬১ [১৩৬৮]
300 _a৩৮২ পৃ. ;
_c২৩ সেমি.
500 _aনির্ঘণ্ট সংযুক্ত
650 _aবাংলা উপন্যাস
_xইতিহাস ও সমালোচনা
_9120092
650 _aBengali Fiction
_xHistory and Criticism
_9118845
942 _2ddc
_cBK
999 _c54467
_d54467